| 000 | 02700nkm0a2200505 4500 | ||
|---|---|---|---|
| 001 | RU\NLR\DIGIT\522376 | ||
| 005 | 20260204000000.0 | ||
| 010 |
_d4 р. _95000 экз. |
||
| 020 |
_aRU _b976 _9ЛЕНИНГРАД В ВЕЛИКОЙ ОТЕЧЕСТВЕННОЙ ВОЙНЕ: Печать Ленинграда, 1941 - 1945: каталог изданий, хранящихся в фондах Государственной Публичной библиотеки, вып.2. Листовки,плакаты,открытки,альбомы/Гос.публ.б-ка им.М.Е.Салтыкова-Щедрина. - Ленинград,1972 |
||
| 035 | _a(NLR Aleph) 011509780 | ||
| 090 |
_a75987 _c75987 |
||
| 100 | _a20181213d1944 m y0rusy50 ca | ||
| 101 | 0 | _arus | |
| 102 | _aRU | ||
| 116 | _abiycxx bi ad | ||
| 135 | _acrcn 024anaba | ||
| 200 | 1 |
_aСмерть немецко-фашистским разбойникам! _e[Плакат] _fХудож. А.А. Казанцев |
|
| 210 |
_aМ.-Л. _cИскусство _d1944 |
||
| 215 |
_a1 л. _d57х86 см |
||
| 325 | 1 | _aКопия доступна в Электрон. б-ке РНБ | |
| 327 | 1 | _aНа поле боя боец со знаменем и автоматом | |
| 517 | 1 | _aНа поле боя | |
| 540 | 1 | _aНа поле боя боец со знаменем и автоматом | |
| 606 | 1 |
_aБлокада Ленинграда _z1941 - 1944 _jПлакаты _2nlr_sh1 _2nlr_sh2 _3RU\NLR\AUTH\661253360 |
|
| 608 |
_aПлакаты общественно-политические _2nlr-sh2 |
||
| 610 | 0 | _aПлакаты | |
| 702 | 1 |
_aКазанцев _bА.А. _cсоветский художник-живописец _f1908-1984 _gАнатолий Алексеевич _4040 |
|
| 801 | 2 |
_aRU _bNLR _c20110204 _2rusmarc |
|
| 852 |
_aNLR _jЛ3-310 п 3/3-21 |
||
| 852 | 0 | 0 |
_aNLR _bЭ _jПлИр995/7-138 _mЭ036025 |
| 852 | 0 | 0 |
_aNLR _bЭ _jПлИр995/7-138 _mЭ036026 |
| 852 | 0 | 0 |
_aNLR _bЭ _jПлИр995/7-138 |
| 852 | 0 | 0 |
_aNLR _bЭ _jПлИр995/7-138 |
| 852 | 0 | 0 |
_aNLR _bЭ _jПлИр995/7-138 |
| 856 | 0 | _uhttp://vivaldi.nlr.ru/la000010152/view | |
| 856 | 1 | _uhttp://vivaldi.nlr.ru/la000010152/cover | |
| 856 | 2 | _uhttp://vivaldi.nlr.ru/la000010152/text | |
| 901 | _eКнижные издания | ||
| 942 | _cVISUAL | ||
| 945 | _aРоссийская национальная библиотека | ||
| 980 | _aNB | ||
| 980 | _aBV | ||
| 981 | 3 | 7 | _a(37) Ленинград в Великой Отечественной войне |
| 981 | 1 | 7 |
_a(17) Изографические материалы _b(17) Плакаты |